书目信息 |
| 题名: |
动力海洋学
|
|
| 作者: | Proudman , 普劳德曼 ;毛汉礼 译 | |
| 分册: | ||
| 出版信息: | 北京 科学出版社 1956 |
|
| 页数: | 461页 | |
| 开本: | 21cm | |
| 丛书名: | 科学译丛 | |
| 单 册: | ||
| 中图分类: | P731.2 | |
| 科图分类: | ||
| 主题词: | 海洋动力学 , 海洋学--基础理论 | |
| 电子资源: | ||
| ISBN: | ||
| 000 | 00905nam2 2200325 45 980 | |
| 001 | 0640086329 | |
| 005 | 20060815110901.60 | |
| 010 | @dCNY2.90 | |
| 091 | @a13031.54 | |
| 100 | @a19970403d1956 em y0chiy0121 ea | |
| 101 | 1 | @achi@ceng |
| 102 | @aCN@b110000 | |
| 105 | @afa z 000yy | |
| 106 | @ar | |
| 200 | 10 | @a动力海洋学@f(英)普劳德曼,J.著@Adong li hai yang xue@g毛汉礼译 |
| 210 | @a北京@c科学出版社@d1956 | |
| 215 | @a461页@c图,表@d21cm | |
| 225 | 2 | @a科学译丛 |
| 300 | @a译自:Dynamical oceanography | |
| 300 | @a据1953年英文版译出 | |
| 410 | 0 | @1 20010@a科学译丛 |
| 517 | 1 | @aDynamical oceanography@zeng |
| 606 | @a海洋动力学 | |
| 606 | 0 | @a海洋学@x基础理论 |
| 690 | @aP731.2@v3 | |
| 701 | A1 | @aProudman@bJ.@f英@AProudman |
| 701 | 1 | @a普劳德曼@bJ.@f英@4著@Apu lao de man |
| 702 | 0 | @a毛汉礼@4译@Amao han li |
| 801 | 0 | @c20060815 |
| 905 | @a10447@dP731.2@e40 | |
| 动力海洋学/(英)普劳德曼,J.著/毛汉礼译 .-北京:科学出版社,1956 |
| 461页:图,表;21cm .-(科学译丛 ) |
| 译自:Dynamical oceanography.-据1953年英文版译出 |
| ISBN :CNY2.90 |
| ● |
| 相关链接 |
|
|
|
|
正题名:动力海洋学
索取号:P731.2/40
 
预约/预借
| 序号 | 登录号 | 条形码 | 馆藏地/架位号 | 状态 | 备注 |
| 1 | 0458487 | 204584878 | 密集书库/ [索取号:P731.2/40] | 在馆 |